000 00978nam a2200229 i 4500
001 163487
003 ES-MaACL
005 20250914145940.0
008 990525q1894 sp |||| | spa d
100 1 _aRicci, Francisco.
_9131791
245 1 0 _aTratado de las pruebas /
_cpor Francisco Ricci ; traducción aumentada con notas y apéndices relativos a la legislación y a la jurisprudencia españolas y con un prólogo por Adolfo Buylla y Adolfo Posada.
260 _aMadrid :
_bLa España Moderna,
_c[1894]
300 _a2 v. (496, 520 p.) ;
_c23 cm.
490 1 _aBiblioteca de jurisprudencia, filosofía e historia
650 4 _aPruebas (Derecho)
_916527
650 _aProcesos.
_916437
700 1 _aBuylla y González Alegre, Adolfo A.,
_d1850-1927
_932991
700 1 _aPosada, Adolfo,
_d1860-1944
_993316
830 0 0 _aBiblioteca de jurisprudencia, filosofía e historia
_9180691
852 _aES-MaACL
_jB-12253-54
_z- Enc. hol.
999 _c163487
_d163487